000 01464nam0a2200313 4500
001 RU\NLR\bibl\1792407
005 20250616143413.0
010 _a978-5-7237-0787-0
_9100
021 _aRU
_b2011-50162
_93578
035 _a(NLR Aleph) 001783106
090 _a1710144
_c1710144
100 _a20110727d2011 |||y0rusy50 ca
101 0 _arus
102 _aRU
105 _aa |||||||||
200 1 _aМодели и алгоритмы логического управления химико-технологическими системами
_fС.И. Сидельников
_gМ-во образования и науки Рос. Федерации, ГОУ ВПО "Рос. хим.-технол. ун-т им. Д.И. Менделеева", Новомоск. ин-т (фил.)
210 _aНовомосковск
_cРоссийский химико-технологический университет
_d2011
215 _a90 с.
_cил.
_d21
313 _aГибкие автоматиз. пр-ва
320 _aБиблиогр.: с. 88-90 (31 назв.)
606 1 _aХимические производства
_xГибкие производственные системы
_91403840
_3RU\NLR\auth\66278786
686 _aЛ11-5-05
700 1 _aСидельников
_bС. И.
_gСергей Иванович
_4070
801 0 _aRU
_bNLR
_c20110727
_gRCR
801 1 _aRU
_bNLR
_c20110727
942 _cBOOK
980 _aNB
980 _aNBR